[Event "ICS rated standard match"]
[Site "204.178.125.65"]
[Date "2000.04.15"]
[Round "?"]
[White "Hossa"]
[Black "Caterpie"]
[Result "1-0"]
[WhiteElo "2287"]
[BlackElo "1976"]
[PlyCount "29"]

1. e4 c5 2. Nf3 d6 3. d4 cxd4 4. Nxd4 Nf6 5. Nc3 a6 6. Bg5 e6 7. f4 Be7 8. Qf3
O-O 9. O-O-O Qa5 10. Qg3 Nc6 11. e5 dxe5 12. Nxc6 bxc6 13. fxe5 Nd5 14. Bh6
Nxc3 15. Qxg7# 1-0

[Event "ICS rated standard match"]
[Site "204.178.125.65"]
[Date "2000.04.15"]
[Round "?"]
[White "Caterpie"]
[Black "Hossa"]
[Result "0-1"]
[WhiteElo "1971"]
[BlackElo "2292"]
[PlyCount "52"]

1. d4 d5 2. c4 e6 3. Nc3 Nf6 4. Bg5 Be7 5. e3 O-O 6. Nf3 h6 7. Bxf6 Bxf6 8. b4
dxc4 9. Bxc4 a6 10. O-O Nc6 11. Qb3 e5 12. d5 Ne7 13. Ne4 b5 14. Nxf6+ gxf6 15.
Be2 Nxd5 16. Rfd1 Be6 17. e4 Nf4 18. Rxd8 Nxe2+ 19. Kf1 Bxb3 20. Rxf8+ Kxf8 21.
Kxe2 Bc4+ 22. Ke1 a5 23. bxa5 Rxa5 24. a3 Bd3 25. Nd2 b4 26. a4 Bc2 0-1

[Event "ICS rated standard match"]
[Site "204.178.125.65"]
[Date "2000.04.15"]
[Round "?"]
[White "Hossa"]
[Black "Caterpie"]
[Result "1-0"]
[WhiteElo "2296"]
[BlackElo "1967"]
[PlyCount "35"]

1. e4 c5 2. Nf3 d6 3. d4 cxd4 4. Nxd4 Nf6 5. Nc3 a6 6. Bg5 e6 7. f4 Be7 8. Qf3
Nc6 9. O-O-O Bd7 10. e5 dxe5 11. Nxc6 bxc6 12. fxe5 Nd5 13. Bxe7 Qxe7 14. Ne4
O-O 15. c4 Nb4 16. Nf6+ gxf6 17. exf6 Qd8 18. Qg3+ 1-0

[Event "ICS rated standard match"]
[Site "204.178.125.65"]
[Date "2000.04.15"]
[Round "?"]
[White "Caterpie"]
[Black "Hossa"]
[Result "0-1"]
[WhiteElo "1963"]
[BlackElo "2300"]
[PlyCount "60"]

1. d4 d5 2. c4 e6 3. Nc3 Nf6 4. Bg5 Be7 5. e3 O-O 6. Nf3 Nbd7 7. a3 c5 8. dxc5
Nxc5 9. b4 Nce4 10. Nxe4 dxe4 11. Qxd8 Rxd8 12. Nd4 a5 13. b5 h6 14. Bf4 Bc5
15. Nc2 b6 16. Rd1 Rxd1+ 17. Kxd1 Bb7 18. Be2 g5 19. Be5 Nd7 20. Bd4 e5 21. Bb2
f5 22. h4 g4 23. g3 Rd8 24. Kc1 Kf7 25. Rd1 Ke7 26. Bc3 Bd6 27. Bd2 Nc5 28. Bc3
Nd3+ 29. Bxd3 exd3 30. Rxd3 Bxa3+ 0-1

[Event "ICS Rated standard match"]
[Site "204.178.125.65"]
[Date "2000.04.15"]
[Round "?"]
[White "Hossa"]
[Black "Caterpie"]
[Result "1-0"]
[WhiteElo "2304"]
[BlackElo "1959"]
[PlyCount "45"]

1. e4 e5 2. Nf3 Nc6 3. Nc3 Nf6 4. Nxe5 Nxe5 5. d4 Ng6 6. e5 Ng8 7. Bc4 d6 8.
Qf3 Be6 9. Bxe6 fxe6 10. Qxb7 Qc8 11. Qc6+ Kd8 12. Nb5 N8e7 13. Bg5 h6 14. Nxc7
hxg5 15. Qxd6+ Qd7 16. Nxa8 Qxd6 17. exd6 Nc6 18. Nc7 Kd7 19. Na6 Bxd6 20. Nc5+
Ke7 21. c3 Nf4 22. g3 Bxc5 23. gxf4 1-0

[Event "ICS rated standard match"]
[Site "204.178.125.65"]
[Date "2000.04.15"]
[Round "?"]
[White "Caterpie"]
[Black "Hossa"]
[Result "0-1"]
[WhiteElo "1955"]
[BlackElo "2308"]
[PlyCount "42"]

1. d4 d5 2. c4 e6 3. Nc3 Nf6 4. Bg5 Be7 5. e3 O-O 6. Nf3 Nbd7 7. a3 c5 8. dxc5
Nxc5 9. b4 Nce4 10. Nxe4 dxe4 11. Nd4 a5 12. b5 e5 13. Nc2 Qc7 14. Qb1 Bg4 15.
h3 Bh5 16. g4 Bg6 17. Be2 Rad8 18. Qb3 b6 19. Rd1 Rxd1+ 20. Kxd1 Nxg4 21. Bxe7
Nxf2+ 0-1

[Event "ICS rated standard match"]
[Site "204.178.125.65"]
[Date "2000.04.15"]
[Round "?"]
[White "Hossa"]
[Black "Caterpie"]
[Result "1-0"]
[WhiteElo "2312"]
[BlackElo "1951"]
[PlyCount "44"]

1. e4 c5 2. Nf3 d6 3. d4 cxd4 4. Nxd4 Nf6 5. Nc3 a6 6. Bg5 e6 7. f4 Be7 8. Qf3
h6 9. Bh4 Nbd7 10. Be2 Qc7 11. g3 b5 12. O-O Bb7 13. a3 O-O 14. Rfe1 Nc5 15.
Bd3 e5 16. Nf5 Bd8 17. fxe5 dxe5 18. Bxf6 Bxf6 19. Nxh6+ Kh8 20. Nf5 Kg8 21.
Rf1 Ne6 22. Nh6+ Kh8 1-0

[Event "ICS rated blitz match"]
[Site "204.178.125.65"]
[Date "2000.04.15"]
[Round "?"]
[White "VolcanoBoy"]
[Black "Hossa"]
[Result "0-1"]
[WhiteElo "2165"]
[BlackElo "2432"]
[PlyCount "116"]

1. f4 d5 2. e3 Nf6 3. b3 e6 4. Bb2 c5 5. Nf3 Be7 6. Bb5+ Bd7 7. Qe2 O-O 8. O-O
Bxb5 9. Qxb5 b6 10. Nc3 a6 11. Qe2 d4 12. Nd1 Nc6 13. Nf2 Nb4 14. d3 dxe3 15.
Nd1 Nfd5 16. a3 Nxf4 17. Qxe3 Nbd5 18. Qd2 Bf6 19. g3 Nh3+ 20. Kg2 Ng5 21. Nxg5
Bxg5 22. Qe2 Qd7 23. h4 Bf6 24. Bxf6 Nxf6 25. Ne3 Nd5 26. Nc4 Rab8 27. Rf3 Nc3
28. Qf2 Qd4 29. Qf1 b5 30. Nd2 Nd5 31. Re1 Qb2 32. Rc1 Qxa3 33. Kh1 Qb2 34. Ne4
Rbc8 35. Ng5 Nf6 36. Rf2 a5 37. Rb1 Qe5 38. Qg2 Ng4 39. Re2 Qd6 40. Ra1 Ra8 41.
Re4 Nf6 42. Re2 a4 43. bxa4 Rxa4 44. Rxa4 bxa4 45. Kh2 Rb8 46. Ne4 Ng4+ 47. Kh3
Qd5 48. Qf3 h5 49. c4 Qd4 50. Ra2 Rb2 51. Rxb2 Qxb2 52. Qg2 a3 53. Qxb2 axb2
54. Nc3 Nf2+ 55. Kg2 Nxd3 56. Kf3 Ne5+ 57. Ke2 Nxc4 58. Kd3 Na3 0-1

[Event "ICS rated blitz match"]
[Site "204.178.125.65"]
[Date "2000.04.15"]
[Round "?"]
[White "QueenMaxima"]
[Black "Hossa"]
[Result "1-0"]
[WhiteElo "2395"]
[BlackElo "2434"]
[PlyCount "205"]
[EventDate "2000.??.??"]

1. d4 Nf6 2. c4 Nc6 3. Nc3 e5 4. d5 Ne7 5. g3 d6 6. Bg5 Bd7 7. Qb3 b6 8. h4 Nf5
9. O-O-O Nd4 10. Qa3 h6 11. Bxf6 Qxf6 12. Nf3 Nxf3 13. Ne4 Qd8 14. Qxf3 Be7 15.
Bg2 O-O 16. Qa3 b5 17. cxb5 Bxb5 18. Nc3 Bd7 19. f3 a5 20. e3 c6 21. Kb1 Qb6
22. dxc6 Bxc6 23. Nd5 Bxd5 24. Rxd5 Rac8 25. Rxa5 Qc7 26. Qa4 Bd8 27. Rb5 Qc6
28. Qb3 Rc7 29. e4 Be7 30. Bh3 Rd8 31. Rd1 Qa8 32. Bg4 Qa7 33. Rb6 Re8 34. Rh1
Rd8 35. Bh5 Bf8 36. Re1 Ra8 37. Rd1 Rac8 38. Bg4 Rd8 39. Rf1 g6 40. h5 gxh5 41.
Bxh5 Ra8 42. Rh1 Qa5 43. Rb8 Rxb8 44. Qxb8 Qc5 45. Qb3 Qf2 46. g4 Qg2 47. Rd1
Qf2 48. Ka1 Qe2 49. Rb1 Qf2 50. Bg6 Qd2 51. Bh5 Qf2 52. Rd1 Qe2 53. Rg1 Qh2 54.
Rf1 Qe2 55. Qd1 Qc4 56. Rg1 Be7 57. Qb1 d5 58. exd5 Qxd5 59. Rd1 Qc6 60. Rd3
Qb7 61. Re3 Bf6 62. Qe1 Bh4 63. Qh1 Qc8 64. Kb1 Bg5 65. Re1 Qd7 66. Qf1 Qd2 67.
Rd1 Qc2+ 68. Ka1 Rc8 69. Rb1 Rd8 70. Qb5 Qc7 71. Qb3 Rd4 72. Re1 Rc4 73. Bg6
Bf4 74. Bb1 Bg3 75. Rd1 Rd4 76. Rxd4 exd4 77. Qd3 Qd6 78. Qh7+ Kf8 79. Qh8+ Ke7
80. Qa8 Qb8 81. Qd5 Qb4 82. g5 Qd6 83. Qxd6+ Kxd6 84. gxh6 Bf4 85. h7 Be5 86.
Bd3 Bh8 87. b4 Ke5 88. b5 Kd6 89. a4 Kc7 90. a5 Kb7 91. Be4+ Kb8 92. b6 f5 93.
Bc6 Kc8 94. a6 d3+ 95. Ka2 d2 96. a7 Kd8 97. a8=Q+ Ke7 98. Qxh8 Kd6 99. Qf6+
Kc5 100. h8=Q d1=Q 101. Qc3+ Kxb6 102. Qb8+ Ka6 103. Bb5# 1-0

[Event "ICS rated blitz match"]
[Site "204.178.125.65"]
[Date "2000.04.15"]
[Round "?"]
[White "Hossa"]
[Black "Tinker"]
[Result "0-1"]
[WhiteElo "2410"]
[BlackElo "2401"]
[PlyCount "222"]
[EventDate "2000.??.??"]

1. e4 e5 2. Nf3 Nf6 3. Nxe5 d6 4. Nf3 Nxe4 5. d4 d5 6. Bd3 Nc6 7. O-O Be7 8. c4
Nf6 9. cxd5 Qxd5 10. Nc3 Qd8 11. Bb5 O-O 12. Bxc6 bxc6 13. Ne5 Qd6 14. Bg5 Ba6
15. Re1 Nd5 16. Ne4 Qe6 17. Bxe7 Nxe7 18. Ng4 Qg6 19. Nc5 Bc8 20. Nh6+ Qxh6 21.
Rxe7 Qd6 22. Re2 Bg4 23. f3 Bf5 24. Re5 Bc2 25. Qd2 Rab8 26. b4 Rbd8 27. Re2
Bf5 28. Rd1 Rde8 29. Rde1 Rxe2 30. Rxe2 Bg6 31. Re1 Rc8 32. Qe3 h6 33. Qf2 Qd5
34. Re7 Qc4 35. Qb2 Kf8 36. Re2 Rd8 37. Rd2 Bf5 38. g4 Bg6 39. f4 Kg8 40. f5
Bh7 41. Rd3 Re8 42. Qd2 Rd8 43. h3 h5 44. Qb2 hxg4 45. hxg4 Re8 46. Qd2 Rd8 47.
a4 Kh8 48. Qe1 Rb8 49. Rd1 Qxb4 50. Qe3 Qb2 51. f6 gxf6 52. Qh6 Qe2 53. Qxf6+
Kg8 54. Qg5+ Bg6 55. Rf1 Qc4 56. Qe3 Qd5 57. a5 Rb2 58. Rf3 Ra2 59. a6 Rd2 60.
Qxd2 Qxf3 61. Qg2 Qd1+ 62. Kh2 Qxd4 63. Qxc6 Qf4+ 64. Kh3 Kg7 65. Nd7 Qe3+ 66.
Kh2 Qe7 67. Qc3+ f6 68. Nc5 Kf8 69. Kh3 Ke8 70. Kg3 Qd6+ 71. Kh3 f5 72. g5 Qc6
73. Kh2 Qd6+ 74. Kh3 Kf7 75. Qc4+ Ke7 76. Qc3 Ke8 77. Qc4 Bf7 78. Qc3 Kf8 79.
Qh8+ Bg8 80. Qc3 Kf7 81. Qc4+ Kg7 82. Qc2 Kg6 83. Qc3 Kxg5 84. Qg7+ Kh5 85.
Qh8+ Qh6 86. Qxg8 Qe3+ 87. Kg2 Qxc5 88. Qh8+ Kg5 89. Qd8+ Kf4 90. Qh4+ Ke5 91.
Qh8+ Ke4 92. Qh1 Kf4 93. Qh4+ Ke5 94. Qh8+ Kd5 95. Qd8+ Kc4 96. Kf3 Qd5+ 97.
Qxd5+ Kxd5 98. Kf4 c5 99. Kg5 Ke5 100. Kg6 c4 101. Kg5 c3 102. Kh4 c2 103. Kg3
c1=Q 104. Kf3 Qd1+ 105. Ke3 Qc2 106. Kf3 Qd3+ 107. Kf2 Qd2+ 108. Kf3 f4 109.
Kg4 Qg2+ 110. Kh4 Kf5 111. Kh5 Qh2# 0-1

[Event "ICS rated blitz match"]
[Site "204.178.125.65"]
[Date "2000.04.15"]
[Round "?"]
[White "Tinker"]
[Black "Hossa"]
[Result "1-0"]
[WhiteElo "2417"]
[BlackElo "2394"]
[PlyCount "127"]
[EventDate "2000.??.??"]

1. e4 e5 2. d3 Nf6 3. Nf3 Nc6 4. Nc3 Bb4 5. Bd2 O-O 6. a3 Bxc3 7. Bxc3 d5 8.
Nxe5 Nxe5 9. Bxe5 Re8 10. d4 Nxe4 11. Be2 Bf5 12. O-O c5 13. Re1 Qh4 14. Rf1
Qe7 15. Bb5 Bd7 16. Bxd7 Qxd7 17. Bf4 b6 18. dxc5 Qf5 19. Be3 bxc5 20. Qf3 Qe5
21. Rab1 d4 22. Bf4 Qf5 23. Rbe1 Nf6 24. Kh1 Qxc2 25. Be5 Nd7 26. Bxg7 Kxg7 27.
Rxe8 Rxe8 28. Qg4+ Kf6 29. Qxd7 Re7 30. Qd8 Qe2 31. Kg1 Kg7 32. b4 Qe5 33. bxc5
Qxc5 34. Kh1 Re5 35. Qh4 h5 36. a4 Qc4 37. Qg3+ Kh7 38. Kg1 Ra5 39. Qf4 Kg7 40.
Rc1 Qxa4 41. Qg3+ Kh6 42. Qf4+ Kg6 43. Qd6+ f6 44. Qe6 Re5 45. Qg8+ Kf5 46.
Qh7+ Ke6 47. f4 Re3 48. f5+ Kd6 49. Qf7 Qe8 50. Qxf6+ Kd5 51. Qh4 a5 52. Rd1
Re4 53. Qf2 Ke5 54. f6 a4 55. f7 Qf8 56. Qg3+ Rf4 57. Re1+ Kf5 58. Qg8 Qxg8 59.
fxg8=Q Re4 60. Qd5+ Kg6 61. Rxe4 a3 62. Re6+ Kg7 63. Qd7+ Kg8 64. Re8# 1-0

[Event "ICS rated blitz match"]
[Site "204.178.125.65"]
[Date "2000.04.15"]
[Round "?"]
[White "QueenMaxima"]
[Black "Hossa"]
[Result "0-1"]
[WhiteElo "2401"]
[BlackElo "2376"]
[PlyCount "120"]

1. d4 d5 2. c4 e6 3. Nc3 Nf6 4. Nf3 Bb4 5. Bg5 dxc4 6. e4 c5 7. Bxc4 cxd4 8.
Nxd4 Bxc3+ 9. bxc3 Qa5 10. Bxf6 Qxc3+ 11. Kf1 gxf6 12. Rc1 Qa5 13. Bb5+ Ke7 14.
e5 fxe5 15. Qh5 Nd7 16. Qg5+ Kf8 17. Rxc8+ Rxc8 18. Bxd7 Qd8 19. Nxe6+ fxe6 20.
Qh6+ Ke7 21. Qxe6+ Kf8 22. Qxe5 Rc1+ 23. Ke2 Rxh1 24. Qxh8+ Ke7 25. Qxh7+ Kd6
26. Ba4 Qe7+ 27. Qxe7+ Kxe7 28. h3 Rc1 29. Bb3 Rc5 30. g4 a5 31. Kd2 Rc6 32. h4
b5 33. f4 a4 34. Bd1 Rh6 35. h5 Rd6+ 36. Kc2 Rd4 37. f5 b4 38. g5 b3+ 39. axb3
axb3+ 40. Kc1 b2+ 41. Kxb2 Rxd1 42. h6 Rh1 43. Kc2 Rh5 44. h7 Rxh7 45. Kd3 Rh5
46. g6 Rxf5 47. g7 Rg5 48. Kd4 Ke6 49. g8=R Rxg8 50. Ke4 Rd8 51. Kf4 Rd4+ 52.
Kg3 Kf5 53. Kf3 Re4 54. Kg3 Rf4 55. Kh3 Rg4 56. Kh2 Rg5 57. Kh3 Kf4 58. Kh4 Re5
59. Kh3 Re2 60. Kh4 Rh2# 0-1

[Event "ICS rated blitz match"]
[Site "204.178.125.65"]
[Date "2000.04.15"]
[Round "?"]
[White "Hossa"]
[Black "Tinker"]
[Result "1-0"]
[WhiteElo "2393"]
[BlackElo "2432"]
[PlyCount "109"]

1. e4 e5 2. Nf3 Nf6 3. Nxe5 d6 4. Nf3 Nxe4 5. d4 d5 6. Bd3 Nc6 7. O-O Be7 8. c4
Nf6 9. cxd5 Qxd5 10. Nc3 Qd8 11. Bb5 O-O 12. Bxc6 bxc6 13. Ne5 Qd6 14. Bg5 Ba6
15. Re1 Nd5 16. Ne4 Qe6 17. Bxe7 Nxe7 18. Nc5 Qc8 19. Qf3 Bb7 20. Qb3 Nf5 21.
Qxb7 Qxb7 22. Nxb7 Rfb8 23. Nc5 Nxd4 24. Rab1 Re8 25. Rbd1 Rad8 26. Kf1 f6 27.
Ned7 Rxe1+ 28. Kxe1 Re8+ 29. Kf1 Nf5 30. Na6 Nh6 31. Nxc7 Re7 32. b4 Ng4 33. h3
Nh6 34. Na6 Re4 35. Ndb8 Rc4 36. Rd8+ Kf7 37. Rd7+ Kg6 38. Rxa7 Rc1+ 39. Ke2
Rc2+ 40. Ke1 Rxa2 41. Nxc6 Ra1+ 42. Ke2 Ra2+ 43. Kf3 Ra1 44. Ne7+ Kh5 45. Nd5
Ra3+ 46. Ke4 f5+ 47. Ke5 g5 48. Kf6 f4 49. Kg7 Nf5+ 50. Kxh7 g4 51. Nxf4+ Kg5
52. Ne6+ Kh5 53. Rf7 Rxa6 54. Rxf5+ Kh4 55. Rf6 1-0

[Event "ICS rated blitz match"]
[Site "204.178.125.65"]
[Date "2000.04.15"]
[Round "?"]
[White "Tinker"]
[Black "Hossa"]
[Result "0-1"]
[WhiteElo "2414"]
[BlackElo "2411"]
[PlyCount "80"]

1. e4 e5 2. d4 exd4 3. Qxd4 Nc6 4. Qd1 Nf6 5. Nc3 Bb4 6. Bg5 Bxc3+ 7. bxc3 h6
8. Bxf6 Qxf6 9. Ne2 O-O 10. Qd2 Re8 11. f3 Ne5 12. Nf4 Qh4+ 13. Kd1 a5 14. Kc1
Qe7 15. a3 b5 16. Bxb5 Rb8 17. Be2 Bb7 18. Qe3 Qg5 19. h4 Qf6 20. Nh5 Qe7 21.
f4 Ng6 22. Qd4 Qf8 23. f5 Rxe4 24. Qf2 Ne5 25. f6 g6 26. Ng7 Ra4 27. Kd2 Qd6+
28. Ke1 Rxa3 29. Rxa3 Qxa3 30. Rh3 Qc1+ 31. Bd1 Be4 32. Qe3 Rb1 33. Qxc1 Rxc1
34. Re3 d5 35. Kd2 Rxd1+ 36. Kxd1 Ng4 37. Rxe4 dxe4 38. h5 Nxf6 39. hxg6 Kxg7
40. c4 a4 0-1

[Event "ICS rated blitz match"]
[Site "204.178.125.65"]
[Date "2000.04.15"]
[Round "?"]
[White "Hossa"]
[Black "Tinker"]
[Result "1-0"]
[WhiteElo "2427"]
[BlackElo "2398"]
[PlyCount "93"]

1. e4 e5 2. Nf3 Nf6 3. Nxe5 d6 4. Nxf7 Kxf7 5. d4 Ke8 6. Nc3 Bg4 7. f3 Be6 8.
d5 Bf7 9. Bd3 Be7 10. O-O c6 11. Be3 Qa5 12. dxc6 Nxc6 13. Qd2 d5 14. Qf2 dxe4
15. fxe4 Bb4 16. Nb5 Ne5 17. Qg3 Nfd7 18. Rf5 Kf8 19. Rxe5 Nxe5 20. Qxe5 Re8
21. Qf4 Kg8 22. a3 Be7 23. Rf1 Rf8 24. Bxa7 b6 25. b4 Qa6 26. Qe3 Bd8 27. Qd4
Bf6 28. e5 Bg5 29. Bxb6 Qa8 30. Bc5 Qd8 31. e6 Qxd4+ 32. Nxd4 Be3+ 33. Kh1 Bxd4
34. Bc4 Bf6 35. exf7+ Rxf7 36. Rd1 h6 37. Rd7 Kh7 38. Bxf7 Ra8 39. Ra7 Rd8 40.
Bh5 Rd2 41. Bf3 Kg8 42. c4 Ra2 43. Bd5+ Kh7 44. Be4+ Kg8 45. Kg1 Rd2 46. Bg6
Kh8 47. Ra8+ 1-0

[Event "ICS rated standard match"]
[Site "204.178.125.65"]
[Date "2000.04.15"]
[Round "?"]
[White "DrVigilante"]
[Black "Hossa"]
[Result "1/2-1/2"]
[WhiteElo "2511"]
[BlackElo "2316"]
[PlyCount "234"]

1. d4 Nf6 2. c4 d6 3. Nc3 Nbd7 4. Nf3 e5 5. e4 exd4 6. Nxd4 Nc5 7. f3 Be7 8.
Be2 Bd7 9. Be3 O-O 10. O-O a5 11. Nb3 Ne6 12. a4 Re8 13. f4 Bc6 14. Bf3 Nd7 15.
Nd5 Ra6 16. Qd2 Qa8 17. Be2 Nf6 18. f5 Bxd5 19. cxd5 Ng5 20. Bxa6 Ngxe4 21. Qd3
bxa6 22. Rad1 c6 23. dxc6 Qxc6 24. Nxa5 Qxa4 25. Qxa6 d5 26. Bd4 Bd8 27. Bb6
Be7 28. Kh1 Bb4 29. Ra1 Qc2 30. Bd4 Qd2 31. Nb3 Qh6 32. Rf3 Qh4 33. Bxf6 Nxf6
34. h3 Ng4 35. Raf1 Be1 36. Rf4 h5 37. Qb5 Rd8 38. R4f3 Nf2+ 39. Kg1 Ne4 40.
Rf4 Qg3 41. Qb6 Re8 42. R4f3 Qh4 43. Qc6 Nf6 44. Qc2 Qb4 45. Qd3 Qd6 46. Re3
Rxe3 47. Qxe3 Bg3 48. Nc5 Qb8 49. Rf3 Bd6 50. Nd3 Ne4 51. Qe1 Bc7 52. b4 Bh2+
53. Kh1 Bd6 54. Re3 Bg3 55. Qa1 Qe8 56. Qa7 Qc8 57. Rf3 h4 58. Qa2 Qb7 59. Qa4
Qc8 60. Qd1 Qd8 61. Qc1 Qe8 62. Kg1 Qb8 63. Qa1 Bh2+ 64. Kh1 Bd6 65. Qa5 Ng3+
66. Kg1 Ne2+ 67. Kf1 Ng3+ 68. Kf2 Ne4+ 69. Kg1 Nc3 70. Kh1 Be7 71. Re3 Bf6 72.
Re1 Bd4 73. Nc5 Kh7 74. Nd7 Qg3 75. Nf8+ Kh6 76. Qa6+ g6 77. Qf1 Be5 78. Rxe5
Qxe5 79. Nd7 Qxf5 80. Qxf5 gxf5 81. Ne5 Kg5 82. Nf3+ Kh5 83. Nd4 Kg6 84. Kg1 f4
85. b5 Ne4 86. b6 Nc5 87. Kf2 Kg5 88. Ke1 Kf6 89. Nf3 Ke6 90. Nxh4 Kd6 91. Nf5+
Kc6 92. h4 Kxb6 93. Ne7 d4 94. h5 Ne4 95. h6 f3 96. gxf3 Ng5 97. Ke2 Kc5 98.
Kd3 Nh7 99. Nf5 Nf6 100. f4 Kd5 101. Nxd4 Kd6 102. Nf3 Ke6 103. Ne5 Kf5 104.
Ke3 Ke6 105. Kf3 Kf5 106. Kg3 Nh5+ 107. Kf2 Nf6 108. Kf3 Ke6 109. Ng4 Nh7 110.
Ne3 Kf6 111. Kg2 Nf8 112. Ng4+ Kg6 113. Kf2 f5 114. Ne3 Ne6 115. Kg3 Kxh6 116.
Nxf5+ Kh7 117. Ne7 Nxf4 1/2-1/2

[Event "ICS rated blitz match"]
[Site "204.178.125.65"]
[Date "2000.04.15"]
[Round "?"]
[White "Hossa"]
[Black "Tinker"]
[Result "1-0"]
[WhiteElo "2442"]
[BlackElo "2390"]
[PlyCount "73"]

1. e4 e5 2. Nf3 Nc6 3. Nc3 d6 4. Bb5 Bg4 5. d3 Nge7 6. Be3 h5 7. O-O h4 8. h3
Bh5 9. d4 exd4 10. Bxd4 a6 11. Be2 Qd7 12. Be3 f5 13. Ng5 Bxe2 14. Qxe2 fxe4
15. Ncxe4 Nf5 16. Rad1 O-O-O 17. Nc5 Qe7 18. Qg4 g6 19. Nce6 Rd7 20. Rfe1 Bh6
21. Bf4 Qf6 22. c3 Rg8 23. Qe2 Re7 24. Qd2 Ree8 25. b4 Re7 26. Re4 Rh8 27. Qe1
Kb8 28. a4 Ka8 29. b5 Na7 30. bxa6 bxa6 31. Qe2 Qxc3 32. Rc1 Qa5 33. Bd2 Qb6
34. Rb4 Qa5 35. Qf3+ c6 36. Rxc6 Nxc6 37. Qxc6+ 1-0

[Event "ICS rated blitz match"]
[Site "204.178.125.65"]
[Date "2000.04.15"]
[Round "?"]
[White "Tinker"]
[Black "Hossa"]
[Result "1-0"]
[WhiteElo "2376"]
[BlackElo "2456"]
[PlyCount "195"]

1. e4 d5 2. exd5 Qxd5 3. Nc3 Qa5 4. Nf3 Nf6 5. Bc4 Bg4 6. a3 Nbd7 7. Be2 e6 8.
h3 Bxf3 9. Bxf3 O-O-O 10. O-O Ne5 11. Be2 Bb4 12. Nb1 Nc6 13. d3 Nd4 14. Bf4
Kb8 15. c3 Nxe2+ 16. Qxe2 Be7 17. Be5 Qb5 18. c4 Qd7 19. d4 Bd6 20. Nc3 Qe7 21.
Rad1 Bxe5 22. dxe5 Nd7 23. b4 f6 24. exf6 gxf6 25. c5 Ne5 26. Rxd8+ Rxd8 27.
Re1 Qg7 28. Rd1 Rg8 29. g3 Qe7 30. Kf1 Qe8 31. Ra1 h6 32. b5 Qe7 33. Qe3 Rd8
34. b6 Rd3 35. Qxh6 Nf3 36. Qh8+ Rd8 37. bxa7+ Kxa7 38. Qh5 Rd3 39. Rc1 c6 40.
Kg2 f5 41. Ne2 Qd8 42. Nf4 Rxa3 43. Nxe6 Qd2 44. Rf1 Qd5 45. Nf4 Qe4 46. Rc1
Nd4+ 47. Kh2 Ra2 48. Kg1 Nf3+ 49. Kh1 Ne1+ 50. Kg1 Qd4 51. Ne2 Qd2 52. Rb1 Nd3
53. Qf7 Nxc5 54. Qxf5 Rc2 55. Nd4 Rc1+ 56. Rxc1 Qxc1+ 57. Kh2 Qc4 58. Qe5 Kb6
59. f4 Qd3 60. Ne2 Qf3 61. Qb2+ Kc7 62. Ng1 Qe4 63. h4 b5 64. Ne2 Qe7 65. Nd4
Ne4 66. Qc2 Nc5 67. Kg2 Kb6 68. Kf3 Qd7 69. Ke3 Qe7+ 70. Kf2 Qd7 71. Nf3 Ne6
72. Qg6 b4 73. f5 Nc5 74. f6 Qe6 75. Ng5 Qa2+ 76. Kg1 Qe2 77. f7 Qd1+ 78. Kf2
Qd4+ 79. Kg2 Qd5+ 80. Kh3 Nd7 81. Qe4 Qxe4 82. Nxe4 c5 83. h5 Nf8 84. g4 c4 85.
g5 c3 86. g6 c2 87. g7 c1=Q 88. gxf8=Q Qh1+ 89. Kg3 Qxe4 90. Qd8+ Kb5 91. Qe8+
Qxe8 92. fxe8=Q+ Ka5 93. h6 Kb6 94. Qe6+ Kb5 95. h7 Ka4 96. h8=Q Kb5 97. Qhe5+
Ka4 98. Qa2# 1-0

[Event "ICS rated standard match"]
[Site "204.178.125.65"]
[Date "2000.04.15"]
[Round "?"]
[White "Hossa"]
[Black "san1969"]
[Result "1-0"]
[WhiteElo "2324"]
[BlackElo "2204"]
[PlyCount "151"]

1. e4 c5 2. Nf3 d6 3. d4 cxd4 4. Nxd4 Nf6 5. Nc3 g6 6. Be3 Bg7 7. f3 O-O 8. Qd2
Nc6 9. Bc4 Nxd4 10. Bxd4 Bd7 11. O-O Rc8 12. Bb3 b6 13. Nd5 Nxd5 14. Bxg7 Kxg7
15. exd5 Qc7 16. Rae1 Rfe8 17. Rf2 Qc5 18. Re4 Bb5 19. Rh4 Rh8 20. Qh6+ Kg8 21.
Re4 Rc7 22. Qh4 Kf8 23. a4 Ba6 24. Qh6+ Kg8 25. Ba2 Qa5 26. c3 Bd3 27. Rd4 Ba6
28. Rb4 Bb5 29. Qh4 Bd3 30. Rd2 Qa6 31. Rd1 h6 32. Re1 g5 33. Qg4 Kh7 34. Kh1
Rhc8 35. f4 Rg8 36. fxg5 Rxg5 37. Qf3 Rg7 38. Qf2 Bg6 39. Rh4 Qd3 40. Qf4 Kg8
41. Rxh6 f5 42. Bb3 Bh7 43. Rh3 Qa6 44. Rg3 Rxg3 45. Qxg3+ Kh8 46. Qe3 Qb7 47.
Qh6 Qc8 48. Rf1 Rc5 49. Rf3 Qg8 50. Rxf5 Rc8 51. Rf3 Qg6 52. Qf4 Re8 53. Qd4+
Qg7 54. Qf2 Qg5 55. Rf4 Rg8 56. Kg1 a6 57. g3 Bd3 58. Qf3 Qe5 59. Kf2 Bh7 60.
Kf1 b5 61. a5 Rg5 62. g4 Bd3+ 63. Kf2 Rg8 64. Bd1 Bc4 65. Bc2 Rg7 66. g5 Qe2+
67. Qxe2 Bxe2 68. Rf8+ Rg8 69. Rxg8+ Kxg8 70. Kxe2 Kf7 71. h4 e6 72. dxe6+ Kxe6
73. h5 d5 74. h6 Kf7 75. g6+ Kf8 76. Bb3 1-0

[Event "ICS rated blitz match"]
[Site "204.178.125.65"]
[Date "2000.04.15"]
[Round "?"]
[White "Beadle"]
[Black "Hossa"]
[Result "1-0"]
[WhiteElo "2544"]
[BlackElo "2436"]
[PlyCount "115"]

1. e4 e5 2. Nf3 Nc6 3. Bb5 a6 4. Ba4 Nf6 5. O-O Be7 6. Re1 b5 7. Bb3 O-O 8. c3
d5 9. exd5 Nxd5 10. Nxe5 Nxe5 11. Rxe5 c6 12. d4 Bd6 13. Bg5 Qc7 14. Rxd5 cxd5
15. Bxd5 Bxh2+ 16. Kh1 Ra7 17. Qh5 Bf4 18. Nd2 Be6 19. Bf3 h6 20. Bxf4 Qxf4 21.
Ne4 Re7 22. g3 Qf5 23. Qxf5 Bxf5 24. Nc5 a5 25. a4 b4 26. cxb4 axb4 27. a5 Rd8
28. a6 Ra7 29. Rd1 b3 30. Bb7 Bc2 31. Rd2 Re8 32. d5 h5 33. d6 g6 34. d7 Rd8
35. Re2 Kf8 36. Bc6 Kg7 37. Re8 Rdxd7 38. Bxd7 g5 39. Re3 h4 40. gxh4 gxh4 41.
Bb5 Kh6 42. Nxb3 Bxb3 43. Rxb3 Kg5 44. Be2 Re7 45. Re3 Rc7 46. b4 f5 47. Ra3
Ra7 48. b5 f4 49. b6 Re7 50. b7 f3 51. b8=Q fxe2 52. Ra5+ Kg6 53. Qb6+ Kf7 54.
Rf5+ Ke8 55. Qc6+ Rd7 56. Qc8+ Ke7 57. Qf8+ Ke6 58. Qf6# 1-0

[Event "ICS rated blitz match"]
[Site "204.178.125.65"]
[Date "2000.04.15"]
[Round "?"]
[White "QueenMaxima"]
[Black "Hossa"]
[Result "1-0"]
[WhiteElo "2440"]
[BlackElo "2399"]
[PlyCount "139"]
[EventDate "2000.??.??"]

1. d4 Nf6 2. c4 e6 3. Nc3 Bb4 4. Qc2 c5 5. dxc5 O-O 6. Nf3 Na6 7. g3 Nxc5 8.
Bg2 Nce4 9. Bd2 Nxd2 10. Nxd2 d6 11. O-O Rb8 12. a3 Bxc3 13. Qxc3 Qc7 14. b3 b5
15. Rfc1 bxc4 16. Qxc4 Qxc4 17. Rxc4 Bd7 18. Rc7 a6 19. Bb7 Bc8 20. Bc6 Rd8 21.
Rc1 h6 22. Rc3 d5 23. Nf3 Ne4 24. Re3 a5 25. Ne5 Nd6 26. Ra7 f6 27. Nf3 Nf5 28.
Rc3 d4 29. Rd3 Rb6 30. Be4 Ra6 31. Rc7 Nd6 32. Rxd4 e5 33. Rd3 Bh3 34. Bc6 Kh7
35. Nd2 Bf5 36. Ne4 Bxe4 37. Bxe4+ Kg8 38. Rd5 Rb6 39. Bg6 e4 40. Bxe4 Re8 41.
Bg6 Ra8 42. h4 Ne8 43. Re7 Nd6 44. Re6 Rd8 45. Rxa5 Rc6 46. Re7 Kf8 47. Raa7
Ra6 48. a4 Rb8 49. Rad7 Rc6 50. Re6 Rc1+ 51. Kg2 Ne8 52. Rf7+ Kg8 53. Rb7 Rcc8
54. Rxb8 Rxb8 55. Rxe8+ Rxe8 56. Bxe8 Kf8 57. a5 Kxe8 58. a6 g5 59. h5 Kd7 60.
a7 Ke6 61. a8=Q g4 62. Qe4+ Kd6 63. Qf4+ Kc6 64. Qxh6 Kd7 65. Qxf6 Kc7 66. h6
Kb7 67. h7 Kc7 68. h8=Q Kb7 69. Qhg7+ Kc8 70. Qff8# 1-0

[Event "ICS rated blitz match"]
[Site "204.178.125.65"]
[Date "2000.04.15"]
[Round "?"]
[White "Hossa"]
[Black "Tinker"]
[Result "1-0"]
[WhiteElo "2385"]
[BlackElo "2396"]
[PlyCount "135"]

1. e4 e5 2. Nf3 Nc6 3. Bc4 d6 4. d4 exd4 5. Nxd4 Nxd4 6. Qxd4 Ne7 7. O-O Nc6 8.
Bb5 Bd7 9. Bxc6 Bxc6 10. Nc3 Rg8 11. e5 Be7 12. Rd1 Qd7 13. exd6 cxd6 14. Nd5
Bxd5 15. Qxd5 Rc8 16. c3 Rc5 17. Qe4 Rh8 18. Be3 Ra5 19. Bd4 Kf8 20. Re1 h6 21.
c4 Rg8 22. g3 Rg5 23. Bxa7 Re5 24. Qd4 Rxe1+ 25. Rxe1 Bf6 26. Qd2 Rh8 27. b3
Be7 28. Bb6 Rh7 29. Qd3 Kg8 30. Qe4 Bf8 31. Rd1 Rh8 32. Be3 Qc8 33. Re1 Rh7 34.
Qd5 Qa8 35. Re2 Qc8 36. Bd4 Qg4 37. Re8 Qd7 38. Qe4 Rh8 39. a4 f5 40. Qd5+ Qf7
41. Qxf7+ Kxf7 42. Rb8 Rg8 43. Rxb7+ Be7 44. Kg2 h5 45. f4 Ke6 46. h3 Bf6 47.
Bxf6 Kxf6 48. Kf2 g6 49. Rb6 Ke7 50. Ke3 Ra8 51. Rb7+ Ke6 52. Kd4 h4 53. gxh4
Rh8 54. Rg7 Kf6 55. Ra7 Rxh4 56. Kd5 Rxf4 57. Ra6 Kg5 58. b4 Rf3 59. Kxd6 Rxh3
60. Kc5 Rh7 61. b5 f4 62. Rd6 f3 63. b6 f2 64. Rd1 Rf7 65. Rf1 Rf5+ 66. Kb4 Kg4
67. a5 Rf8 68. a6 1-0